000 00433 a2200181 4500
001 065956
003 OSt
005 20251210143420.0
008
082 _a519.55
_bC77A
100 1 _aCooray, T.M.J.A.
245 1 _aApplied time series
_cBy T.m.j.a. Cooray
260 _aNew Delhi
_bNarosa
_c2008
300 _a280p.
500 _aEnglish
690 _aTime-series analysis
942 _2ddc
_cBK
999 _c182
_d182